000 00215nam a22000857a 4500
008 160804b xxu||||| |||| 00| 0 eng d
100 _911
_aGoscinny R
245 _aAsterix the Gaul
260 _aUSA
_bOrion Publication
_c2004
999 _c2661
_d2661